デレマス チャイルドシート推奨アイドル - Statistics

General Stats
  • This quiz has been taken 29 times
  • The average score is 26 of 38
Answer Stats
身長 属性 アイドル名 % Correct
141 Co 橘ありす
100%
140 Pa 赤城みりあ
100%
132 Pa 龍崎薫
96%
143 Pa 的場梨沙
96%
145 Cu 櫻井桃華
93%
140 Cu 古賀小春
89%
139 Co 佐々木千枝
89%
140 Co 結城晴
89%
128 Pa 市原仁奈
89%
149 Pa 城ヶ崎莉嘉
89%
139 Cu 双葉杏
85%
132 Cu 福山舞
78%
137 Co 佐城雪美
78%
127 Cu 横山千佳
70%
130 Cu 遊佐こずえ
70%
142 Cu 輿水幸子
70%
149 Co 森久保乃々
70%
148 Cu 小早川紗枝
67%
145 Cu 村松さくら
63%
142 Pa 星輝子
63%
149 Pa 夢見りあむ
63%
146 Cu 安部菜々
59%
142 Co 白坂小梅
59%
145 Cu 大沼くるみ
56%
147 Cu 椎名法子
56%
140 Pa 南条光
56%
147 Cu 早坂美玲
52%
145 Co 脇山珠美
52%
146 Pa 村上巴
52%
144 Cu 柳瀬美由紀
48%
148 Cu 日下部若葉
48%
149 Cu 中野有香
48%
148 Pa 小関麗奈
48%
148 Pa 日野茜
48%
145 Cu 桃井あずき
44%
148 Cu 池袋晶葉
44%
145 Pa 首藤葵
41%
149 Pa 三好紗南
41%
No matching quizzes found
Score Distribution
Percent of People with Each Score
Percentile by Number Answered
Your Score History
You have not taken this quiz